Dolnosrnianske noviny občasník Obecného úradu Dolné Srnie

Podrobná bibliografia
Médium: Časopis
Jazyk:slovenčina
Fyzický popis:zv. 30 cm
Vydavateľské údaje: Dolné Srnie Obecný úrad Dolné Srnie 2007-
ISSN:1339-2468
Predmet:

MARC

LEADER 00000cas a2200000 a 4500
001 vtls009512705
003 SK-MaSNL
005 20260228160320.0
008 090514c20079999xo r|p 0 b0slo
022 |a 1339-2468 
040 |a SNK  |b slo  |c SNK  |e AACR2 
041 0 |a slo 
043 |a e-xo--- 
044 |a xo  |c SK 
072 7 |a 352/354  |x Stupne miestnej, oblastnej a ústrednej správy  |2 konspekt 
072 7 |a 316.7  |x Sociológia kultúry. Kultúrny život  |2 konspekt 
072 7 |a 394  |x Verejný a spoločenský život. Každodenný život  |2 konspekt 
080 |a 353.9  |2 2011 
080 |a 316.728  |2 2011 
080 |a 394  |2 2011 
080 |a (437.613)  |2 2011 
080 |a 050  |2 2011 
080 |a (051)+(054)  |2 2011 
210 0 |a Dolnosrnianske nov. 
222 0 |a Dolnosrnianske noviny 
245 0 0 |a Dolnosrnianske noviny  |b občasník Obecného úradu Dolné Srnie 
260 |a Dolné Srnie  |b Obecný úrad Dolné Srnie  |c 2007- 
300 |a zv.  |c 30 cm 
310 |a Občasník 
362 0 |a Roč. I, č. 1 (2007)- 
500 |a Registračné č.: EV 3881/09 
515 |a R. 2018 má chybne označený roč. X, má byť roč. XII 
650 0 7 |a územná samospráva  |2 SNKPH  |9 802 
650 0 7 |a každodenný život  |2 SNKPH  |9 4946 
651 7 |a Dolné Srnie (Slovensko)  |2 SNKPHgeo  |9 93380 
655 7 |a miestne periodiká  |2 SNKPH  |9 160938 
910 |a snk 
999 |c 2135  |d 4065 
952 |0 0  |1 0  |4 0  |7 0  |8 0  |a SNK  |b SNK  |d 2020-02-26  |i snk2020/4806  |l 0  |o snkČSB 7498/1/2007  |p 17A1387039  |r 2026-02-21 22:29:58  |t č. 1  |w 2026-02-21  |y PREZ 
952 |0 0  |1 0  |4 0  |7 0  |8 0  |a SNK  |b SNK  |d 2020-02-26  |i snk2020/4823  |l 0  |o snkČSB 7498/2/2008  |p 17A1387040  |r 2026-02-21 22:29:58  |t č. 1-4  |w 2026-02-21  |y PREZ 
952 |0 0  |1 0  |4 0  |7 0  |8 0  |a SNK  |b SNK  |d 2020-02-26  |i snk2020/4824  |l 0  |o snkČSB 7498/3/2009  |p 17A1387041  |r 2026-02-21 22:29:58  |t č. 1-4  |w 2026-02-21  |y PREZ 
952 |0 0  |1 0  |4 0  |7 0  |8 0  |a SNK  |b SNK  |d 2020-02-26  |i snk2020/4829  |l 0  |o snkČSB 7498/4/2010  |p 17A1387042  |r 2026-02-21 22:29:58  |t č. 1-4  |w 2026-02-21  |y PREZ 
952 |0 0  |1 0  |4 0  |7 0  |8 0  |a SNK  |b SNK  |d 2020-02-26  |i snk2020/4832  |l 0  |o snkČSB 7498/5/2011  |p 17A1387043  |r 2026-02-21 22:29:58  |t č. 1-4, neúplné  |w 2026-02-21  |y PREZ  |z Chýba č. 3, 4 
952 |0 0  |1 0  |4 0  |7 0  |8 0  |a SNK  |b SNK  |d 2020-02-26  |i snk2020/4833  |l 0  |o snkČSB 7498/6/2012  |p 17A1387044  |r 2026-02-21 22:29:58  |t č. 1-2  |w 2026-02-21  |y PREZ 
952 |0 0  |1 0  |4 0  |7 0  |8 0  |a SNK  |b SNK  |d 2020-02-26  |i snk2020/4840  |l 0  |o snkČSB 7498/7/2013  |p 17A1387045  |r 2026-02-21 22:29:58  |t č. 1-3  |w 2026-02-21  |y PREZ 
952 |0 0  |1 0  |4 0  |7 0  |8 0  |a SNK  |b SNK  |d 2020-02-26  |i snk2020/4841  |l 0  |o snkČSB 7498/8/2014  |p 17A1387046  |r 2026-02-21 22:29:58  |t č. 1  |w 2026-02-21  |y PREZ 
952 |0 0  |1 0  |4 0  |7 0  |8 0  |a SNK  |b SNK  |d 2020-02-26  |i snk2020/4846  |l 0  |o snkČSB 7498/9/2015  |p 17A1387047  |r 2026-02-21 22:29:58  |t č. 1-2  |w 2026-02-21  |y PREZ 
952 |0 0  |1 0  |4 0  |7 0  |8 0  |a SNK  |b SNK  |d 2020-02-26  |i snk2020/4849  |l 0  |o snkČSB 7498/10/2016  |p 17A1387048  |r 2026-02-21 22:29:58  |t č. 1-4, neúplné  |w 2026-02-21  |y PREZ  |z Chýba č. 1 
952 |0 0  |1 0  |4 0  |7 0  |8 0  |a SNK  |b SNK  |d 2020-02-26  |i snk2020/4851  |l 0  |o snkČSB 7498/11/2017  |p 17A1387049  |r 2026-02-21 22:29:58  |t č. 1-4  |w 2026-02-21  |y PREZ 
952 |0 0  |1 0  |4 0  |7 0  |8 0  |a SNK  |b SNK  |d 2020-02-26  |i snk2020/4852  |l 0  |o snkČSB 7498/10[12]/2018  |p 17A1387050  |r 2026-02-21 22:29:58  |t č. 1  |w 2026-02-21  |y PREZ